01512nam a2200349 a 4500001001000000003000500010005001700015008004100032010001100073011001100084040000900095090001000104100003600114245013700150260004100287500006000328502012600388590004100514590004100555590004000596590004000636650003800676650003400714650002600748856007000774901000700844942001000851942000600861999001900867952014000886952013601026000111158CHAP20220329144200.0141210s2014 mx sm |||||||spa d a107620 a108592 cCHAP aTesis1 aPlana Marín, Salvador912897813aLa riqueza de aves como indicador de la calidad agroecológica de la matríz agrícolah[En línea]cpor Salvador Plana Marín. aChapingo, Méx. :bEl autor,c2014. aPara ver el contenido del material haga clic en la liga aTesis (Ing. Agr. Esp. en Agroecología) -- UACH. Departamento de Eseñanza Investigación y Servicio en Agroecología aE11695DGDb10c20141216lUCH01h1109 aE11695DGDb10c20141216lUCH01h1109 aE5765TAJb05c20141210lUCH01h0902 aE5765TAJb05c20141210lUCH01h090214aAvesxHábitos y conducta.9861114aAvesxIdentificación.9861214aBiodiversidad.912724 aFinding aiduhttp://10.13.5.2/tesis/sist111158.pdfzTeclea aquí aBK cTESIS n0 c107620d107620 00102local4053708TESISaBCbBCcPA_TESISd2014-12-10fTESISl0oTesisp33724002439850r2019-12-31 00:00:00tc.2w2019-12-31yTESIS 00104054718TESISaBCbBCd2014-12-10fTESISl0oTesisp33724002439892r2019-12-31 00:00:00w2019-12-31yTESISzRecien adquirido